La eficacia marginal del capital y la teoría de la firma (Registro nro. 24739)

Detalles MARC
000 -LEADER
fixed length control field 00374 a2200121 4500
001 - CONTROL NUMBER
control field ART_10427
005 - DATE AND TIME OF LATEST TRANSACTION
control field 20260410161848.0
008 - FIXED-LENGTH DATA ELEMENTS--GENERAL INFORMATION
fixed length control field 260409a
100 1# - MAIN ENTRY--PERSONAL NAME
Personal name Canavese, Alfredo Juan
245 10 - TITLE STATEMENT
Title La eficacia marginal del capital y la teoría de la firma
700 1# - ADDED ENTRY--PERSONAL NAME
Personal name Gaba, Ernesto
773 0# - HOST ITEM ENTRY
Title Económica
Related parts - Año XVII, Nº2 (may./ago. 1971)
Record control number REV7541

No hay ítems disponibles.